MARC

LEADER 00000nam0a2200000 4500
001 675262
005 20241008124922.0
035 |a (RuTPU)RU\TPU\book\187242 
090 |a 675262 
100 |a 20241008d1979 m||y0rusy50 ca 
101 0 |a rus 
102 |a RU 
105 |a a j 000yy 
181 0 |a i   |b  e  
182 0 |a n 
183 0 |a nc  |2 RDAcarrier 
200 1 |a Ремонт самолетов, вертолетов и авиационных двигателей  |e учебное пособие  |f Л. А. Бейлин, Ю. В. Назаров, И. И. Железняк 
205 |a 2-е изд., перераб. и доп. 
210 |a Москва  |c Транспорт  |d 1979 
215 |a 264 с.  |c ил. 
283 |a volume  |2 RDAcarrier 
606 1 |a Самолеты  |x Ремонт  |9 71837 
606 1 |a Авиационные двигатели  |x Ремонт  |9 29224 
610 1 |a вертолеты 
610 1 |a гражданская авиация 
610 1 |a ремонтное производство 
610 1 |a организация 
610 1 |a техника 
610 1 |a надежность 
610 1 |a долговечность 
610 1 |a работоспособность 
610 1 |a учебные пособия 
675 |a 629.73.08(075.8)  |v 4 
675 |a 621.431.75.004(075)  |v 4 
700 1 |a Бейлин  |b Л. А.  |g Лев Абрамович 
701 1 |a Назаров  |b Ю. В.  |g Юрий Васильевич 
701 1 |a Железняк  |b И. И.  |g Иван Иванович 
801 0 |a RU  |b 63413507  |c 20241008 
830 |a Ретро2024Каталогизация Шило 
942 |c BK